|
|
|
|
| LEADER |
00000nam a22000007a 4500 |
| 005 |
20130114151028.0 |
| 007 |
cr|||| |||| |
| 008 |
130114t2012 sp ||||| |||| 00| 0 spa d |
| 020 |
|
|
|a 978-84-9031-008-3
|
| 035 |
|
|
|a 6958
|
| 040 |
|
|
|a vLex
|
| 090 |
|
|
|c 3509
|d 3509
|
| 100 |
1 |
0 |
|a Barrio Gallardo, Aurelio
|
| 245 |
1 |
3 |
|a El Largo camino hacia la libertad de testar
|h [Recurso electrn̤ico] :
|b de la legt̕ima al derecho sucesorio de alimentos Aurelio /
|c Aurelio Barra Gallardo
|
| 256 |
|
|
|a Servicio en ln̕ea
|
| 260 |
|
|
|a Madrid :
|b Dykinson,
|c 2012
|
| 300 |
|
|
|a 1 Recurso electrn̤ico
|
| 650 |
|
|
|2 Sucesiones
|
| 740 |
|
|
|a vLex Libros (Servicio en ln̕ea)
|
| 856 |
|
|
|a Acceso restringido
|u http://www.vlex.com/source/6958
|
| 942 |
|
|
|c BOOK
|
| 999 |
|
0 |
|a Inheritance and succession
|